[Event "Russian Championship (Blitz, Men)"]
[Site "Sochi"]
[Date "2018.10.07"]
[Round "17.16"]
[White "Grachev, Boris"]
[Black "Kryakvin, Dmitry"]
[Result "1/2-1/2"]
[BlackElo "2468"]
[WhiteElo "2646"]
[LiveChessVersion "1.4.8"]

1. d4 {[%clk 0:03:03]} d5 {[%clk 0:03:02]} 2. Bf4 {[%clk 0:03:04]} c5
{[%clk 0:03:03]} 3. e4 {[%clk 0:03:05]} Nf6 {[%clk 0:02:57]} 4. Nc3
{[%clk 0:02:17]} Nc6 {[%clk 0:02:48]} 5. Bb5 {[%clk 0:01:58]} e6 {[%clk 0:02:42]}
6. exd5 {[%clk 0:01:56]} Nxd5 {[%clk 0:02:30]} 7. Nxd5 {[%clk 0:01:56]} Qxd5
{[%clk 0:02:30]} 8. Qf3 {[%clk 0:01:40]} Bd7 {[%clk 0:01:57]} 9. Qxd5
{[%clk 0:01:39]} exd5 {[%clk 0:01:58]} 10. Nf3 {[%clk 0:01:23]} Nxd4
{[%clk 0:01:55]} 11. Bxd7+ {[%clk 0:01:23]} Kxd7 {[%clk 0:01:56]} 12. Nxd4
{[%clk 0:01:24]} cxd4 {[%clk 0:01:57]} 13. O-O-O {[%clk 0:01:24]} Bc5
{[%clk 0:01:50]} 14. Be5 {[%clk 0:01:25]} Kc6 {[%clk 0:01:37]} 15. Bxd4
{[%clk 0:01:24]} Rad8 {[%clk 0:01:30]} 16. Rhe1 {[%clk 0:01:10]} Rhe8
{[%clk 0:01:29]} 17. Bxc5 {[%clk 0:01:01]} Kxc5 {[%clk 0:01:28]} 18. Kd2
{[%clk 0:00:57]} Re6 {[%clk 0:01:27]} 19. Re3 {[%clk 0:00:58]} d4
{[%clk 0:01:21]} 20. Rxe6 {[%clk 0:00:56]} fxe6 {[%clk 0:01:22]} 21. Re1
{[%clk 0:00:57]} Rf8 {[%clk 0:01:08]} 22. Rxe6 {[%clk 0:00:36]} Rxf2+
{[%clk 0:01:08]} 23. Re2 {[%clk 0:00:38]} Rxe2+ {[%clk 0:01:00]} 24. Kxe2
{[%clk 0:00:39]} Kd5 {[%clk 0:01:00]} 25. Kd3 {[%clk 0:00:40]} b5
{[%clk 0:01:00]} 26. c3 {[%clk 0:00:15]} dxc3 {[%clk 0:00:59]} 27. Kxc3
{[%clk 0:00:16]} a5 {[%clk 0:00:51]} 28. Kd3 {[%clk 0:00:09]} h5 {[%clk 0:00:45]}
29. h4 {[%clk 0:00:08]} g6 {[%clk 0:00:34]} 30. g3 {[%clk 0:00:09]} Ke5
{[%clk 0:00:35]} 31. Ke3 {[%clk 0:00:11]} Kf5 {[%clk 0:00:36]} 32. Kf3
{[%clk 0:00:08]} g5 {[%clk 0:00:34]} 33. hxg5 {[%clk 0:00:05]} Kxg5
{[%clk 0:00:35]} 34. Kf2 {[%clk 0:00:06]} Kf6 {[%clk 0:00:32]} 35. Ke3
{[%clk 0:00:05]} Ke5 {[%clk 0:00:33]} 36. Kd3 {[%clk 0:00:04]} Kf5
{[%clk 0:00:32]} 37. Ke3 {[%clk 0:00:05]} Ke5 {[%clk 0:00:28]} 38. Ke4+ 1/2-1/2

[Event "Russian Championship (Blitz, Men)"]
[Site "Sochi"]
[Date "2018.10.07"]
[Round "17.20"]
[White "Triapishko, Alexandr"]
[Black "Kozak, Alexander"]
[Result "1/2-1/2"]
[BlackElo "2431"]
[WhiteElo "2560"]
[LiveChessVersion "1.4.8"]

1. e4 {[%clk 0:03:03]} c6 {[%clk 0:03:04]} 2. d4 {[%clk 0:02:59]} d5
{[%clk 0:03:05]} 3. exd5 {[%clk 0:02:59]} cxd5 {[%clk 0:03:06]} 4. Nf3
{[%clk 0:02:59]} Nf6 {[%clk 0:03:05]} 5. Ne5 {[%clk 0:02:58]} Nc6
{[%clk 0:02:58]} 6. Bb5 {[%clk 0:02:58]} Bd7 {[%clk 0:02:58]} 7. Nxd7
{[%clk 0:02:56]} Qxd7 {[%clk 0:02:59]} 8. c3 {[%clk 0:02:48]} e6 {[%clk 0:02:50]}
9. O-O {[%clk 0:02:48]} Bd6 {[%clk 0:02:50]} 10. Nd2 {[%clk 0:02:37]} O-O
{[%clk 0:02:45]} 11. Re1 {[%clk 0:02:36]} Qc7 {[%clk 0:02:39]} 12. g3
{[%clk 0:02:33]} a6 {[%clk 0:02:40]} 13. Bd3 {[%clk 0:02:28]} e5 {[%clk 0:02:25]}
14. dxe5 {[%clk 0:02:21]} Nxe5 {[%clk 0:02:25]} 15. Nf3 {[%clk 0:02:14]} Nxd3
{[%clk 0:02:01]} 16. Qxd3 {[%clk 0:02:15]} Bc5 {[%clk 0:01:55]} 17. Be3
{[%clk 0:02:10]} Rfe8 {[%clk 0:01:45]} 18. Bd4 {[%clk 0:01:56]} Ne4
{[%clk 0:01:36]} 19. Kg2 {[%clk 0:01:54]} Rad8 {[%clk 0:01:32]} 20. Rad1
{[%clk 0:01:52]} b5 {[%clk 0:01:29]} 21. a3 {[%clk 0:01:51]} f5 {[%clk 0:01:27]}
22. Bxc5 {[%clk 0:01:45]} Qxc5 {[%clk 0:01:25]} 23. Qd4 {[%clk 0:01:37]} Qc7
{[%clk 0:01:20]} 24. Re2 {[%clk 0:01:08]} f4 {[%clk 0:00:50]} 25. Qd3
{[%clk 0:00:41]} h6 {[%clk 0:00:45]} 26. Nd4 {[%clk 0:00:39]} Qf7
{[%clk 0:00:37]} 27. f3 {[%clk 0:00:24]} Nd6 {[%clk 0:00:25]} 28. Rde1
{[%clk 0:00:16]} Rxe2+ {[%clk 0:00:19]} 29. Rxe2 {[%clk 0:00:12]} Nc4
{[%clk 0:00:21]} 30. Ne6 {[%clk 0:00:11]} Re8 {[%clk 0:00:17]} 31. Nxf4
{[%clk 0:00:12]} Rxe2+ {[%clk 0:00:17]} 32. Qxe2 {[%clk 0:00:12]} g5
{[%clk 0:00:14]} 33. Nd3 {[%clk 0:00:14]} Qa7 {[%clk 0:00:12]} 34. Qf2
{[%clk 0:00:08]} Qh7 {[%clk 0:00:12]} 35. Qd4 {[%clk 0:00:08]} Qf5
{[%clk 0:00:10]} 36. g4 {[%clk 0:00:07]} Qe6 {[%clk 0:00:11]} 37. Kf2
{[%clk 0:00:08]} Qd6 {[%clk 0:00:10]} 38. f4 {[%clk 0:00:08]} gxf4
{[%clk 0:00:09]} 39. Nxf4 {[%clk 0:00:08]} Nxb2 {[%clk 0:00:05]} 40. Kf3
{[%clk 0:00:09]} Nc4 {[%clk 0:00:06]} 41. Nxd5 {[%clk 0:00:09]} Kf7
{[%clk 0:00:06]} 42. Qf4+ {[%clk 0:00:06]} Qxf4+ {[%clk 0:00:07]} 43. Kxf4
{[%clk 0:00:07]} Nxa3 {[%clk 0:00:08]} 44. Nc7 {[%clk 0:00:06]} Nb1
{[%clk 0:00:08]} 45. Nxa6 {[%clk 0:00:06]} Nxc3 {[%clk 0:00:09]} 46. Ke4 1/2-1/2

[Event "Russian Championship (Blitz, Men)"]
[Site "Sochi"]
[Date "2018.10.07"]
[Round "18.34"]
[White "Nazaretyan, Tigran"]
[Black "Gutenev, Alexander"]
[Result "0-1"]
[BlackElo "2440"]
[WhiteElo "2307"]
[LiveChessVersion "1.4.8"]

1. d4 {[%clk 0:03:02]} Nf6 {[%clk 0:03:03]} 2. c4 {[%clk 0:03:02]} g6
{[%clk 0:03:04]} 3. Nc3 {[%clk 0:03:03]} d5 {[%clk 0:03:05]} 4. Nf3
{[%clk 0:03:03]} Bg7 {[%clk 0:03:07]} 5. Bg5 {[%clk 0:03:04]} Ne4
{[%clk 0:03:07]} 6. Bh4 {[%clk 0:03:04]} Nxc3 {[%clk 0:03:06]} 7. bxc3
{[%clk 0:03:05]} dxc4 {[%clk 0:03:07]} 8. Qa4+ {[%clk 0:03:05]} Nd7
{[%clk 0:03:07]} 9. e3 {[%clk 0:03:02]} c5 {[%clk 0:03:01]} 10. Bxc4
{[%clk 0:02:56]} O-O {[%clk 0:02:58]} 11. Qa3 {[%clk 0:02:53]} cxd4
{[%clk 0:02:39]} 12. Bxe7 {[%clk 0:02:43]} Qc7 {[%clk 0:02:40]} 13. Bxf8
{[%clk 0:02:26]} Bxf8 {[%clk 0:02:09]} 14. Qb3 {[%clk 0:02:18]} Nc5
{[%clk 0:02:10]} 15. Bxf7+ {[%clk 0:01:55]} Qxf7 {[%clk 0:02:01]} 16. Qxf7+ Kxf7
{[%clk 0:02:02]} 17. cxd4 {[%clk 0:01:55]} Ne4 {[%clk 0:01:42]} 18. Ne5+
{[%clk 0:01:53]} Ke6 {[%clk 0:01:42]} 19. f3 {[%clk 0:01:52]} Nd6
{[%clk 0:01:35]} 20. Kf2 {[%clk 0:01:41]} Bg7 {[%clk 0:01:29]} 21. Nd3
{[%clk 0:01:41]} b6 {[%clk 0:01:24]} 22. a4 {[%clk 0:01:39]} Ba6 {[%clk 0:01:11]}
23. Nf4+ {[%clk 0:01:35]} Kd7 {[%clk 0:01:13]} 24. a5 {[%clk 0:01:37]} b5
{[%clk 0:01:08]} 25. Rhc1 {[%clk 0:01:24]} Nc4 {[%clk 0:01:09]} 26. Nd3
{[%clk 0:01:21]} Bf8 {[%clk 0:01:10]} 27. Rab1 {[%clk 0:01:14]} Rc8
{[%clk 0:01:07]} 28. Nb4 {[%clk 0:01:12]} Bb7 {[%clk 0:00:41]} 29. a6
{[%clk 0:01:13]} Ba8 {[%clk 0:00:43]} 30. e4 {[%clk 0:01:09]} Bh6
{[%clk 0:00:41]} 31. Rd1 {[%clk 0:00:59]} Nb6 {[%clk 0:00:26]} 32. Rb2
{[%clk 0:00:54]} Rc3 {[%clk 0:00:24]} 33. Nd3 {[%clk 0:00:54]} Na4
{[%clk 0:00:10]} 34. Rxb5 {[%clk 0:00:53]} Rc2+ {[%clk 0:00:11]} 35. Kg3
{[%clk 0:00:53]} Nc3 {[%clk 0:00:12]} 36. Rb8 {[%clk 0:00:51]} Bxe4 37. Nc5+ Kc7
38. Rh8 {[%clk 0:00:35]} Nxd1 {[%clk 0:00:11]} 39. Rxh7+ Kb6 40. fxe4
{[%clk 0:00:29]} Rc3+ {[%clk 0:00:08]} 41. Kh4 {[%clk 0:00:27]} Be3
{[%clk 0:00:07]} 42. Rb7+ Kc6 43. Rxa7 {[%clk 0:00:24]} Bxd4 {[%clk 0:00:09]} 44.
Ra8 {[%clk 0:00:11]} Bxc5 {[%clk 0:00:05]} 45. a7 {[%clk 0:00:12]} Kb7
{[%clk 0:00:04]} 46. Rd8 {[%clk 0:00:14]} Bxa7 {[%clk 0:00:04]} 47. Rxd1 Rc2 48.
Kh3 {[%clk 0:00:14]} Kc6 {[%clk 0:00:07]} 49. Rf1 {[%clk 0:00:15]} Bd4
{[%clk 0:00:07]} 50. Rf7 {[%clk 0:00:15]} Kd6 {[%clk 0:00:08]} 51. g3
{[%clk 0:00:16]} Ke6 {[%clk 0:00:09]} 52. Rf4 {[%clk 0:00:16]} Bg1
{[%clk 0:00:10]} 53. Kg4 {[%clk 0:00:10]} Rxh2 {[%clk 0:00:11]} 54. Kg5
{[%clk 0:00:09]} Be3 {[%clk 0:00:12]} 55. Kxg6 Bxf4 56. gxf4 Rg2+ 57. Kh5
{[%clk 0:00:09]} Re2 {[%clk 0:00:12]} 58. e5 {[%clk 0:00:09]} Kf5
{[%clk 0:00:12]} 59. Kh6 {[%clk 0:00:10]} Kxe5 0-1

[Event "Russian Championship (Blitz, Men)"]
[Site "Sochi"]
[Date "2018.10.07"]
[Round "19.1"]
[White "Artemiev, Vladislav"]
[Black "Morozevich, Alexander"]
[Result "1-0"]
[BlackElo "2677"]
[WhiteElo "2849"]
[LiveChessVersion "1.4.8"]

1. e4 {[%clk 0:03:02]} c5 {[%clk 0:03:01]} 2. Nf3 {[%clk 0:03:02]} e6
{[%clk 0:03:02]} 3. g3 {[%clk 0:03:03]} Nc6 {[%clk 0:02:57]} 4. Bg2
{[%clk 0:03:04]} Nf6 {[%clk 0:02:58]} 5. Qe2 {[%clk 0:03:05]} Be7
{[%clk 0:02:51]} 6. O-O {[%clk 0:03:04]} O-O {[%clk 0:02:52]} 7. Rd1
{[%clk 0:03:03]} e5 {[%clk 0:02:46]} 8. c3 {[%clk 0:02:59]} Re8 {[%clk 0:02:46]}
9. Na3 {[%clk 0:03:00]} Bf8 {[%clk 0:02:23]} 10. d3 {[%clk 0:03:00]} d5
{[%clk 0:02:14]} 11. exd5 {[%clk 0:02:59]} Nxd5 {[%clk 0:02:15]} 12. Ng5
{[%clk 0:02:42]} h6 {[%clk 0:01:53]} 13. Ne4 {[%clk 0:02:33]} f5 {[%clk 0:01:45]}
14. Nd2 {[%clk 0:02:14]} Be6 {[%clk 0:01:44]} 15. Nac4 {[%clk 0:02:10]} Bf7
{[%clk 0:01:43]} 16. Nf3 {[%clk 0:02:10]} Qf6 {[%clk 0:01:42]} 17. Nh4
{[%clk 0:02:06]} Rad8 {[%clk 0:01:38]} 18. Re1 {[%clk 0:01:37]} g5
{[%clk 0:01:25]} 19. Nf3 {[%clk 0:01:38]} e4 {[%clk 0:01:14]} 20. dxe4
{[%clk 0:01:38]} Rxe4 {[%clk 0:01:13]} 21. Ne3 {[%clk 0:01:26]} Nxe3
{[%clk 0:00:47]} 22. Bxe3 {[%clk 0:01:26]} f4 {[%clk 0:00:32]} 23. Nxg5
{[%clk 0:01:27]} Rxe3 {[%clk 0:00:18]} 24. fxe3 {[%clk 0:01:28]} hxg5
{[%clk 0:00:20]} 25. exf4 {[%clk 0:01:29]} gxf4 {[%clk 0:00:20]} 26. Qg4+
{[%clk 0:01:27]} Bg7 {[%clk 0:00:17]} 27. Rf1 {[%clk 0:01:27]} Ne5
{[%clk 0:00:14]} 28. Qxf4 {[%clk 0:01:28]} Qxf4 {[%clk 0:00:15]} 29. Rxf4 Rd2 30.
Raf1 {[%clk 0:01:16]} Bxa2 {[%clk 0:00:17]} 31. Ra4 {[%clk 0:01:13]} Bc4
{[%clk 0:00:12]} 32. Re1 {[%clk 0:01:14]} Ba6 {[%clk 0:00:05]} 33. Rf4
{[%clk 0:00:51]} Kh7 {[%clk 0:00:03]} 34. b4 {[%clk 0:00:47]} cxb4
{[%clk 0:00:04]} 35. cxb4 {[%clk 0:00:48]} Bd3 {[%clk 0:00:05]} 36. Bxb7
{[%clk 0:00:47]} Bg6 {[%clk 0:00:06]} 37. Rc1 {[%clk 0:00:24]} Nd3
{[%clk 0:00:03]} 38. Rh4+ {[%clk 0:00:25]} Kg8 {[%clk 0:00:05]} 39. Bd5+
{[%clk 0:00:20]} Kf8 {[%clk 0:00:06]} 40. Rf1+ {[%clk 0:00:18]} Ke7
{[%clk 0:00:06]} 41. Rg4 {[%clk 0:00:19]} Ne5 {[%clk 0:00:05]} 42. Rxg6
{[%clk 0:00:19]} Nxg6 {[%clk 0:00:05]} 43. Rf7+ {[%clk 0:00:21]} Kd6
{[%clk 0:00:06]} 44. Rxg7 {[%clk 0:00:21]} Ne5 {[%clk 0:00:07]} 45. Ba8
{[%clk 0:00:15]} Ra2 {[%clk 0:00:05]} 46. h4 {[%clk 0:00:15]} Ke6
{[%clk 0:00:03]} 47. Rc7 {[%clk 0:00:06]} Kf5 {[%clk 0:00:04]} 48. Rg7
{[%clk 0:00:05]} Kf6 {[%clk 0:00:05]} 49. Rg8 {[%clk 0:00:05]} Rb2
{[%clk 0:00:05]} 50. h5 {[%clk 0:00:05]} Rxb4 {[%clk 0:00:06]} 51. h6
{[%clk 0:00:07]} Nf7 52. h7 {[%clk 0:00:08]} Rb5 {[%clk 0:00:05]} 53. h8=Q+
{[%clk 0:00:07]} Nxh8 {[%clk 0:00:06]} 54. Rxh8 {[%clk 0:00:08]} a5
{[%clk 0:00:07]} 55. Rh6+ {[%clk 0:00:09]} Kg5 {[%clk 0:00:07]} 56. Ra6
{[%clk 0:00:09]} Kg4 {[%clk 0:00:08]} 57. Kh2 {[%clk 0:00:11]} Rb2+
{[%clk 0:00:09]} 58. Bg2 {[%clk 0:00:11]} Ra2 {[%clk 0:00:10]} 59. Rg6+
{[%clk 0:00:11]} Kf5 {[%clk 0:00:11]} 60. Rc6 {[%clk 0:00:12]} a4
{[%clk 0:00:12]} 61. Rc5+ {[%clk 0:00:13]} Kg4 {[%clk 0:00:09]} 62. Rc4+
{[%clk 0:00:14]} Kg5 {[%clk 0:00:10]} 63. Kh3 {[%clk 0:00:16]} a3
{[%clk 0:00:10]} 64. Rc5+ {[%clk 0:00:17]} Kf6 {[%clk 0:00:11]} 65. Ra5
{[%clk 0:00:18]} Ke5 1-0

[Event "Russian Championship (Blitz, Men)"]
[Site "Sochi"]
[Date "2018.10.07"]
[Round "19.2"]
[White "Sjugirov, Sanan"]
[Black "Savchenko, Boris"]
[Result "1/2-1/2"]
[BlackElo "2657"]
[WhiteElo "2711"]
[LiveChessVersion "1.4.8"]

1. e4 {[%clk 0:03:03]} e6 2. d4 d5 {[%clk 0:03:05]} 3. Nd2 {[%clk 0:03:05]} Be7
{[%clk 0:03:06]} 4. Ngf3 {[%clk 0:03:03]} c5 {[%clk 0:03:06]} 5. exd5
{[%clk 0:02:53]} Qxd5 {[%clk 0:03:05]} 6. dxc5 {[%clk 0:02:49]} Nf6
{[%clk 0:03:06]} 7. Bc4 {[%clk 0:02:40]} Qc6 {[%clk 0:02:59]} 8. Qe2
{[%clk 0:02:37]} O-O {[%clk 0:02:51]} 9. O-O {[%clk 0:02:36]} Na6
{[%clk 0:02:47]} 10. Ne5 {[%clk 0:02:22]} Qc7 {[%clk 0:02:36]} 11. Ndf3
{[%clk 0:02:16]} Nxc5 {[%clk 0:02:35]} 12. Bf4 {[%clk 0:02:13]} Qb6
{[%clk 0:02:35]} 13. c3 {[%clk 0:02:09]} Bd7 {[%clk 0:02:28]} 14. Rad1
{[%clk 0:01:55]} Rfd8 {[%clk 0:02:19]} 15. Be3 {[%clk 0:01:39]} Qc7
{[%clk 0:02:14]} 16. Bf4 {[%clk 0:01:38]} Qb6 {[%clk 0:02:14]} 17. Rd4
{[%clk 0:01:36]} Be8 {[%clk 0:02:13]} 18. Rfd1 {[%clk 0:01:35]} Rxd4
{[%clk 0:02:03]} 19. Rxd4 {[%clk 0:01:36]} h6 {[%clk 0:01:58]} 20. h3
{[%clk 0:01:34]} Rd8 {[%clk 0:01:47]} 21. Be3 {[%clk 0:01:24]} Qc7
{[%clk 0:01:47]} 22. Rxd8 {[%clk 0:01:24]} Qxd8 {[%clk 0:01:44]} 23. Bd4
{[%clk 0:01:24]} a6 {[%clk 0:01:41]} 24. Qe3 {[%clk 0:01:11]} Qc7
{[%clk 0:01:37]} 25. Bf1 {[%clk 0:01:05]} Nd5 {[%clk 0:01:33]} 26. Qd2
{[%clk 0:01:01]} b5 {[%clk 0:01:18]} 27. c4 {[%clk 0:00:54]} bxc4
{[%clk 0:01:18]} 28. Bxc4 {[%clk 0:00:54]} a5 {[%clk 0:01:11]} 29. b3
{[%clk 0:00:53]} Nb6 {[%clk 0:01:06]} 30. Qxa5 {[%clk 0:00:47]} Qd6
{[%clk 0:01:01]} 31. Bf1 {[%clk 0:00:40]} Nd5 {[%clk 0:00:59]} 32. Qa8
{[%clk 0:00:39]} Nc7 {[%clk 0:00:58]} 33. Qc8 {[%clk 0:00:35]} Bf8
{[%clk 0:00:36]} 34. Nc4 {[%clk 0:00:32]} Qe7 {[%clk 0:00:27]} 35. Be5
{[%clk 0:00:25]} Nb5 {[%clk 0:00:15]} 36. a4 {[%clk 0:00:15]} Na7
{[%clk 0:00:16]} 37. Qb8 {[%clk 0:00:12]} Nc6 {[%clk 0:00:16]} 38. Qb6
{[%clk 0:00:11]} Nd7 {[%clk 0:00:12]} 39. Qxc6 {[%clk 0:00:07]} Nxe5
{[%clk 0:00:13]} 40. Qe4 {[%clk 0:00:07]} Nxf3+ {[%clk 0:00:12]} 41. Qxf3
{[%clk 0:00:08]} Qc5 {[%clk 0:00:12]} 42. Qe3 {[%clk 0:00:08]} Qb4
{[%clk 0:00:12]} 43. Qb6 {[%clk 0:00:06]} Bc5 {[%clk 0:00:05]} 44. Qd8
{[%clk 0:00:05]} Kf8 {[%clk 0:00:06]} 45. a5 {[%clk 0:00:05]} Qe1
{[%clk 0:00:07]} 46. Qd2 {[%clk 0:00:07]} Qxd2 {[%clk 0:00:04]} 47. Nxd2
{[%clk 0:00:08]} Bb4 {[%clk 0:00:05]} 48. Nc4 {[%clk 0:00:07]} Bb5
{[%clk 0:00:06]} 49. Ne5 {[%clk 0:00:05]} Bxf1 {[%clk 0:00:07]} 50. Kxf1
{[%clk 0:00:06]} Bxa5 {[%clk 0:00:08]} 51. Ke2 {[%clk 0:00:06]} Bc7
{[%clk 0:00:09]} 52. Nc6 {[%clk 0:00:07]} Ke8 {[%clk 0:00:11]} 53. b4
{[%clk 0:00:07]} Kd7 {[%clk 0:00:12]} 54. Nd4 {[%clk 0:00:06]} Bb6
{[%clk 0:00:13]} 55. Nf3 {[%clk 0:00:06]} Kd6 {[%clk 0:00:14]} 56. Nd2
{[%clk 0:00:07]} Kd5 {[%clk 0:00:16]} 57. f3 {[%clk 0:00:07]} f5 {[%clk 0:00:17]}
58. Kd3 {[%clk 0:00:08]} g5 {[%clk 0:00:17]} 59. Nc4 {[%clk 0:00:09]} Bf2
{[%clk 0:00:17]} 60. b5 {[%clk 0:00:06]} Kc5 {[%clk 0:00:17]} 61. b6
{[%clk 0:00:07]} Kc6 {[%clk 0:00:18]} 62. g4 {[%clk 0:00:04]} Bxb6
{[%clk 0:00:19]} 63. Ne5+ {[%clk 0:00:06]} Kd5 {[%clk 0:00:19]} 64. Nf7
{[%clk 0:00:06]} Bc5 {[%clk 0:00:12]} 65. Nxh6 {[%clk 0:00:06]} Ke5
{[%clk 0:00:13]} 66. gxf5 {[%clk 0:00:04]} exf5 {[%clk 0:00:14]} 67. Nf7+
{[%clk 0:00:05]} Kf6 {[%clk 0:00:14]} 68. Nd8 {[%clk 0:00:06]} Bd6
{[%clk 0:00:11]} 69. Nc6 {[%clk 0:00:06]} Bf4 {[%clk 0:00:12]} 70. Ke4 Ke5+
1/2-1/2

[Event "Russian Championship (Blitz, Men)"]
[Site "Sochi"]
[Date "2018.10.07"]
[Round "19.9"]
[White "Chigaev, Maksim"]
[Black "Kezin, Roman"]
[Result "1-0"]
[BlackElo "2575"]
[WhiteElo "2616"]
[LiveChessVersion "1.4.8"]

1. e4 {[%clk 0:03:03]} c5 {[%clk 0:03:04]} 2. Nf3 {[%clk 0:03:04]} e6
{[%clk 0:03:05]} 3. d3 {[%clk 0:03:05]} Nc6 {[%clk 0:03:05]} 4. g3
{[%clk 0:03:07]} Nf6 {[%clk 0:02:59]} 5. Bg2 {[%clk 0:03:08]} Be7
{[%clk 0:03:00]} 6. O-O {[%clk 0:03:09]} d6 {[%clk 0:02:48]} 7. Ng5
{[%clk 0:03:09]} h6 {[%clk 0:02:13]} 8. Nh3 {[%clk 0:03:11]} d5 {[%clk 0:02:15]}
9. exd5 {[%clk 0:02:50]} Nxd5 {[%clk 0:02:12]} 10. Nc3 {[%clk 0:02:46]} Nf6
{[%clk 0:01:47]} 11. Nf4 {[%clk 0:02:41]} O-O {[%clk 0:01:47]} 12. Ne4
{[%clk 0:02:20]} Rb8 {[%clk 0:01:42]} 13. Nxf6+ {[%clk 0:02:17]} Bxf6
{[%clk 0:01:42]} 14. Nh5 {[%clk 0:02:18]} Bg5 {[%clk 0:01:33]} 15. Bf4
{[%clk 0:01:59]} Bxf4 {[%clk 0:01:15]} 16. Nxf4 {[%clk 0:01:59]} Nd4
{[%clk 0:01:16]} 17. c3 {[%clk 0:01:35]} Nf5 {[%clk 0:01:17]} 18. Re1
{[%clk 0:01:34]} b6 {[%clk 0:01:18]} 19. Be4 {[%clk 0:01:13]} Bb7
{[%clk 0:01:19]} 20. Qf3 {[%clk 0:01:10]} Nd6 {[%clk 0:01:16]} 21. Bxb7
{[%clk 0:01:11]} Rxb7 {[%clk 0:01:17]} 22. Rad1 {[%clk 0:01:09]} Rd7
{[%clk 0:01:16]} 23. d4 {[%clk 0:01:05]} cxd4 {[%clk 0:00:55]} 24. cxd4
{[%clk 0:01:06]} Re8 {[%clk 0:00:47]} 25. Qg4 {[%clk 0:01:01]} Qg5
{[%clk 0:00:35]} 26. Qe2 {[%clk 0:00:50]} Nf5 {[%clk 0:00:28]} 27. d5
{[%clk 0:00:42]} e5 {[%clk 0:00:30]} 28. Ng2 {[%clk 0:00:12]} Rdd8
{[%clk 0:00:31]} 29. Qe4 {[%clk 0:00:07]} Nd4 {[%clk 0:00:21]} 30. h4
{[%clk 0:00:06]} Qh5 {[%clk 0:00:22]} 31. g4 {[%clk 0:00:05]} Qg6
{[%clk 0:00:18]} 32. Qxg6 {[%clk 0:00:06]} fxg6 {[%clk 0:00:15]} 33. Re3
{[%clk 0:00:06]} Rxd5 {[%clk 0:00:15]} 34. Kf1 {[%clk 0:00:07]} Red8
{[%clk 0:00:12]} 35. Red3 {[%clk 0:00:06]} Kf7 {[%clk 0:00:07]} 36. Ne3
{[%clk 0:00:07]} R5d7 {[%clk 0:00:08]} 37. Kg2 {[%clk 0:00:06]} Rc8
{[%clk 0:00:08]} 38. R3d2 {[%clk 0:00:06]} Rdc7 {[%clk 0:00:08]} 39. b3
{[%clk 0:00:06]} Kg8 {[%clk 0:00:09]} 40. Nc4 {[%clk 0:00:07]} Rc5
{[%clk 0:00:06]} 41. Nxe5 {[%clk 0:00:06]} Rxe5 {[%clk 0:00:07]} 42. Rxd4
{[%clk 0:00:08]} Re2 {[%clk 0:00:06]} 43. R1d2 {[%clk 0:00:09]} Rc2
{[%clk 0:00:06]} 44. Rxe2 {[%clk 0:00:10]} Rxe2 {[%clk 0:00:07]} 45. a4
{[%clk 0:00:10]} Rb2 {[%clk 0:00:07]} 46. Rd3 {[%clk 0:00:08]} Kh7
{[%clk 0:00:05]} 47. g5 {[%clk 0:00:08]} hxg5 {[%clk 0:00:04]} 48. hxg5
{[%clk 0:00:09]} Kg8 {[%clk 0:00:05]} 49. Kf3 {[%clk 0:00:11]} a5
{[%clk 0:00:04]} 50. Ke3 {[%clk 0:00:11]} Kf8 {[%clk 0:00:04]} 51. f4
{[%clk 0:00:11]} Ke7 {[%clk 0:00:05]} 52. Kd4 {[%clk 0:00:10]} Kd6
{[%clk 0:00:04]} 53. Kc4+ {[%clk 0:00:11]} Kc6 {[%clk 0:00:05]} 54. Kd4
{[%clk 0:00:13]} Rf2 {[%clk 0:00:05]} 55. Ke3 {[%clk 0:00:09]} Rb2
{[%clk 0:00:05]} 56. Kd4 {[%clk 0:00:09]} Rf2 {[%clk 0:00:06]} 57. Ke4
{[%clk 0:00:06]} Re2+ {[%clk 0:00:06]} 58. Kd4 {[%clk 0:00:06]} Rf2
{[%clk 0:00:08]} 59. Rc3+ {[%clk 0:00:05]} Kd6 {[%clk 0:00:09]} 60. Ke3
{[%clk 0:00:05]} Rb2 {[%clk 0:00:10]} 61. Ke4 {[%clk 0:00:06]} Re2+
{[%clk 0:00:11]} 62. Kd4 {[%clk 0:00:08]} Rd2+ {[%clk 0:00:11]} 63. Kc4
{[%clk 0:00:08]} Kc6 {[%clk 0:00:07]} 64. Re3 {[%clk 0:00:09]} Rf2
{[%clk 0:00:07]} 65. Re6+ {[%clk 0:00:10]} Kd7 {[%clk 0:00:06]} 66. Rxb6
{[%clk 0:00:05]} Rxf4+ 67. Kc3 Rf5 {[%clk 0:00:06]} 68. Rxg6 {[%clk 0:00:06]} Rf7
{[%clk 0:00:04]} 69. Ra6 {[%clk 0:00:07]} Rf5 {[%clk 0:00:05]} 70. Ra7+
{[%clk 0:00:06]} Kc6 {[%clk 0:00:06]} 71. Rxg7 {[%clk 0:00:07]} Kc5
{[%clk 0:00:08]} 72. Rb7 {[%clk 0:00:04]} Rf3+ {[%clk 0:00:06]} 73. Kb2
{[%clk 0:00:05]} Kc6 {[%clk 0:00:04]} 74. Rb5 {[%clk 0:00:07]} Kd5 1-0

[Event "Russian Championship (Blitz, Men)"]
[Site "Sochi"]
[Date "2018.10.07"]
[Round "19.14"]
[White "Pridorozhni, Aleksei"]
[Black "Demidov, Mikhail"]
[Result "1/2-1/2"]
[BlackElo "2522"]
[WhiteElo "2618"]
[LiveChessVersion "1.4.8"]

1. e4 {[%clk 0:03:03]} Nf6 {[%clk 0:03:02]} 2. Nc3 {[%clk 0:03:03]} d6
{[%clk 0:03:03]} 3. f4 {[%clk 0:03:01]} d5 {[%clk 0:03:00]} 4. e5
{[%clk 0:03:01]} d4 {[%clk 0:03:01]} 5. exf6 {[%clk 0:03:01]} dxc3
{[%clk 0:03:02]} 6. fxg7 {[%clk 0:03:01]} cxd2+ {[%clk 0:03:01]} 7. Qxd2
{[%clk 0:03:01]} Qxd2+ {[%clk 0:03:01]} 8. Bxd2 {[%clk 0:03:02]} Bxg7
{[%clk 0:03:02]} 9. O-O-O {[%clk 0:03:02]} Nc6 {[%clk 0:03:03]} 10. Bb5
{[%clk 0:03:01]} Bd7 {[%clk 0:03:03]} 11. Ne2 {[%clk 0:03:01]} a6
{[%clk 0:02:57]} 12. Ba4 {[%clk 0:03:01]} O-O-O {[%clk 0:02:48]} 13. Bc3
{[%clk 0:03:01]} Rhg8 {[%clk 0:02:42]} 14. g3 {[%clk 0:02:58]} b5
{[%clk 0:02:23]} 15. Bb3 {[%clk 0:02:56]} e6 {[%clk 0:02:06]} 16. Bxg7
{[%clk 0:02:46]} Rxg7 {[%clk 0:02:07]} 17. Nc3 {[%clk 0:02:47]} Na5
{[%clk 0:02:02]} 18. Ne4 {[%clk 0:02:40]} Bc6 {[%clk 0:01:45]} 19. Rxd8+
{[%clk 0:02:39]} Kxd8 {[%clk 0:01:46]} 20. Rd1+ {[%clk 0:02:39]} Ke7
{[%clk 0:01:47]} 21. Nc5 {[%clk 0:02:40]} Nxb3+ {[%clk 0:01:41]} 22. axb3
{[%clk 0:02:34]} a5 {[%clk 0:01:43]} 23. Na6 {[%clk 0:02:05]} h5 {[%clk 0:01:38]}
24. b4 {[%clk 0:01:58]} axb4 {[%clk 0:01:31]} 25. Nxb4 {[%clk 0:01:59]} Bb7
{[%clk 0:01:32]} 26. Nd3 {[%clk 0:01:48]} h4 {[%clk 0:01:30]} 27. Rg1
{[%clk 0:01:48]} hxg3 {[%clk 0:01:26]} 28. hxg3 {[%clk 0:01:47]} Rh7
{[%clk 0:01:27]} 29. Kd2 {[%clk 0:01:38]} Rh2+ {[%clk 0:01:26]} 30. Kc3
{[%clk 0:01:39]} Be4 {[%clk 0:01:27]} 31. b4 {[%clk 0:01:37]} Kd6
{[%clk 0:00:55]} 32. Rd1 {[%clk 0:01:29]} Ke7 {[%clk 0:00:50]} 33. Re1
{[%clk 0:01:25]} Bxd3 {[%clk 0:00:47]} 34. Kxd3 {[%clk 0:01:24]} Rg2
{[%clk 0:00:48]} 35. Re3 {[%clk 0:01:23]} Kd6 {[%clk 0:00:48]} 36. c3
{[%clk 0:01:20]} f6 {[%clk 0:00:34]} 37. Ke4 {[%clk 0:01:19]} Rg1
{[%clk 0:00:23]} 38. Rd3+ {[%clk 0:01:19]} Ke7 {[%clk 0:00:22]} 39. Kf3
{[%clk 0:01:17]} f5 {[%clk 0:00:19]} 40. Kf2 {[%clk 0:01:18]} Rc1
{[%clk 0:00:20]} 41. Ke3 {[%clk 0:01:18]} Rc2 {[%clk 0:00:19]} 42. Kd4 Kd6 43.
Ke3+ {[%clk 0:01:13]} Ke7 {[%clk 0:00:22]} 44. Kd4 {[%clk 0:01:14]} Kd6
{[%clk 0:00:24]} 45. Ke4+ Ke5+ 1/2-1/2